| 000 | 00546pab a2200181 454500 | ||
|---|---|---|---|
| 008 | 180718b2006 xxu||||| |||| 00| 0 eng d | ||
| 100 | _aTeicher, Julian | ||
| 245 | _aManaging trust and relationships in PPPs: some Australian experiences | ||
| 260 | _c2006 | ||
| 300 | _ap.85-100. | ||
| 362 | _aMar | ||
| 650 | _aPublic private partnership - Australia | ||
| 650 | _aPublic private partnership | ||
| 700 | _aGramberg, Bernadine Van | ||
| 700 | _aAlam, Quamrul | ||
| 773 | _aInternational Review of Administrative Sciences | ||
| 909 | _a69392 | ||
| 999 |
_c69392 _d69392 |
||